| 000 | 00412nam a22001457a 4500 | ||
|---|---|---|---|
| 005 | 20150317123635.0 | ||
| 008 | 150317b xxu||||| |||| 00| 0 eng d | ||
| 040 | _cPK-LaUMT | ||
| 082 |
_aKHC 954.0357 _bMIS-M |
||
| 100 | _aمس کتھرائن میو | ||
| 245 |
_aمدرانڈیا _bمادرہند _cمس کتھرائن میو |
||
| 260 |
_aلاہور _bکڑک پریس _c[N.D] |
||
| 300 | _a640 ص | ||
| 942 | _cBK | ||
| 999 |
_c67962 _d67962 |
||